Score 0/25 Timer 07:00
0 Plays Today
County City % Correct
Los AngelesLos Angeles
100%
San DiegoSan Diego
98.8%
San FranciscoSan Francisco
96.4%
SacramentoSacramento
96.4%
FresnoFresno
95.2%
Santa ClaraSan Jose
94%
RiversideRiverside
94%
AlamedaOakland
90.4%
San BernardinoSan Bernardino
90.4%
KernBakersfield
89.2%
OrangeAnaheim
89.2%
Los AngelesLong Beach
85.5%
OrangeSanta Ana
73.5%
County City % Correct
OrangeIrvine
71.1%
San JoaquinStockton
69.9%
San DiegoChula Vista
69.9%
VenturaOxnard
68.7%
AlamedaFremont
65.1%
StanislausModesto
56.6%
Los AngelesGlendale
55.4%
OrangeHuntington Beach
54.2%
Los AngelesSanta Clarita
49.4%
San BernardinoFontana
39.8%
RiversideMoreno Valley
37.3%
OrangeGarden Grove
36.1%
Remove Ads.
Support Sporcle.
Get the best of Sporcle when you Go Orange. This ad-free experience offers more features, more stats, and more fun while also helping to support Sporcle. Thank you for becoming a member.

You're not logged in!

Compare scores with friends on all Sporcle quizzes.
OR
Log In

Show Comments

Extras

Top Quizzes Today


Score Distribution

Your Account Isn't Verified!

In order to create a playlist on Sporcle, you need to verify the email address you used during registration. Go to your Sporcle Settings to finish the process.

Report this User

Report this user for behavior that violates our Community Guidelines.

Details: